000 00587pam a2200217 i 4500
001 391861
005 20180109080549.0
008 790312s1979 nyuaf 001 0 eng
010 _a 79014708
020 _a0671400401
040 _aDLC
_cDLC
_dDLC
041 _aeng
043 _aln-----
080 _a363.1230916346 HOF
082 0 0 _a363.1230916346 HOF
100 1 _a16
101 _aHIS
245 1 0 _aSaved! :
_cWilliam Hoffer.
906 _a7
_bcbc
_corignew
_d1
_eocip
_f19
_gy-gencatlg
942 _2ddc
_cBK
999 _c39943
_d39943